1575 1851 1782 1939 1196 1939 1353 1941 1523 1512 1261 1659 1582 1794 1504 1210 1297 2000 1663 1803 1501 1319 1896 1674 1069 1966 1083 1042 1064 1014 1044 1648 1286 1420 1585 1808 1965 1942 1386 1279 1801 1787 1869 1550 1665 1502 1789 1050 1798 1024 1694 1469 1959 1519 1025 1801 1042 1711 1416 1845 1825 1790 1497 1689 1311 1678 1544 1663 1558 1849 1980 1410 1236 1935 1381 1733 1126 1820 1363 1919 1220 1680 1743 1268 1525 1885 1766 1527 1415 1655 1240 1002 1911 1990 1329 1949 1505 1315 1971 BCNSPRNW ULIB Ver.6.0+V

เปลี่ยนเป็นภาษาไทย

Change to English
 แสดงรายละเอียดบรรณานุกรม
  กลับหน้าหลัก

Brief Record : Get Marc (ISO 2709) : E-mail record : QR code < ปิดหน้าต่าง
LEADER : 00000nam 2200000uu 4500
001    13399112923
003     ULIB
008    110919s2553||||th 000 0 tha d
020    9741105347
020    9789741105342
060 04 WY100^bส732ท
245 00 ทักษะพื้นฐานทางการพยาบาล =^bBasic skills in nursing /^cบรรณาธิการ, สิริรัตน์ ฉัตรชัยสุชา, ปรางค์ทิพย์ อุจะรัตน,ณัฐสุรางค์ บุญจันทร์
246 31 Basic skills in nursing
250    พิมพ์ครั้งที่ 3 ปรับปรุงใหม่
260    กรุงเทพฯ :^bภาควิชาการพยาบาลรากฐาน คณะพยาบาลศาสตร์มหาวิทยาลัยมหิดล, ^c2553
300    xiii, 345 หน้า :^bภาพประกอบ ;^c26 ซม.
504    บรรณานุกรมและดรรชนี
650  7 การพยาบาล
700 0  สิริรัตน์ ฉัตรชัยสุชา;^eบรรณาธิการ
700 0  ปรางค์ทิพย์ อุจะรัตน;^eบรรณาธิการ
700 0  ณัฐสุรางค์ บุญจันทร์;^eบรรณาธิการ
710 2  มหาวิทยาลัยมหิดล. ^bคณะพยาบาลศาสตร์.^bภาควิชาการพยาบาลรากฐาน
945    ^p300^l0^i030548
945    ^p300^l0^i030549
945    ^p300^l0^i030550
945    ^p300^l0^i039467
995     เกษร
999     ^aใช้งานได้ทุกระบบ
รายการนี้ยังไม่มีแท็ก
คุณยังไม่ได้ล็อกอิน คุณสามารถมีกิจกรรมร่วมกับเว็บไซต์ได้ แต่ต้องล็อกอินก่อน ::
  ล็อกอิน

รายการสื่อสารสนเทศ

ลำดับที่ ประเภท เลขเรียก/บาร์โค้ด สถานที่ สถานะ
1. Book การพยาบาล
Book การพยาบาล
สถานะ=หนังสือเก่า
WY100 ส732ท ฉ.1 
  Barcode: 030548
ห้องสมุดวิทยาเขตนครสวรรค์
►ส่วนจัดเก็บหนังสือเก่า นว.
บนชั้น
  ขอยืม
2. Book การพยาบาล
Book การพยาบาล
สถานะ=หนังสือเก่า
WY100 ส732ท ฉ.3 
  Barcode: 030550
ห้องสมุดวิทยาเขตนครสวรรค์
►ส่วนจัดเก็บหนังสือเก่า นว.
บนชั้น
  ขอยืม
3. Book การพยาบาล
Book การพยาบาล
WY100 ส732ท ฉ.4 
  Barcode: 039467
ห้องสมุดวิทยาเขตสวรรค์ประชารักษ์
►ส่วนจัดเก็บหนังสือเก่า สปร
บนชั้น
  ขอยืม

รายการใกล้เคียง
    หัวเรื่อง [การพยาบาล]

BibComment


ยังไม่เคยถูกคอมเมนท์

คอมเมนท์ทรัพยากรรายการนี้
  คอมเมนท์: ทักษะพื้นฐานทางกา..


 Copyright 2026. Bcnsprnw @Library